00794nam a22002057a 4500008004100000020001500041040001800056041000800074245009800082250001200180260004300192300003800235504005300273650003300326650003300359650004400392650005000436700004400486710005800530130821s2003 enka gr eng  a0749427795 aCo-BoUCMbspa00aeng00aGlobal logistics and distribution planning strategies for managementceditory Donald Waters. a3a. Ed. aLondres (Inglaterra)bKogan Pagec2003 axxv, 398 páginasbilustraciones aIncluye referencias bibliográficas e índice.04aAdministración de empresas04aAdministración de mercadeo04aDistribución física de mercancías04aLogística en los negociosxAdministración1 aWaters, C. D. J.q(C. Donald J.)d1949-2 aInstitute of Logistics and Transport (Corby, England)